[Event "Mumbai Wealth op U13"]
[Site "Mumbai"]
[Date "2016.02.01"]
[Round "5"]
[White "Mitank, Maru"]
[Black "Piya, Saxena"]
[Result "1/2-1/2"]
[WhiteElo "1037"]
[BlackElo "1190"]
[PlyCount "80"]
[EventDate "2016.01.28"]
[EventType "swiss"]
[EventRounds "9"]
[EventCountry "IND"]
[SourceTitle "CBM 170 Extra"]
[Source "ChessBase"]
[SourceDate "2016.02.25"]
[SourceVersion "1"]
[SourceVersionDate "2016.02.25"]
[SourceQuality "1"]

1. d4 Nf6 2. Nf3 e6 3. Nc3 d5 4. e3 Nc6 5. Bd3 Bd7 6. 0-0 a6 7. e4 dxe4 8. Nxe4 Be7 9. c3 0-0 10. Nc5 Bxc5 11. dxc5 Qe7 12. b4 Rad8 13. h3 Na7 14. a4 Bc6 15. Ne5 Be4 16. Qc2 Bxd3 17. Nxd3 Rd5 18. Nf4 Rd7 19. Be3 Nc6 20. Rad1 Nd5 21. Nxd5 exd5 22. Rd2 Rfd8 23. Rfd1 Ne5 24. Bf4 Ng6 25. Bh2 Nh4 26. Rd4 h5 27. Bg3 Ng6 28. Qf5 h4 29. Bh2 Qe6 30. Qxe6 fxe6 31. g3 Ne5 32. Kg2 hxg3 33. Bxg3 Nc6 34. R4d2 Kf7 35. Rd3 Ne7 36. Rf3+ Nf5 37. Bh4 Rh8 38. Bg3 Kg6 39. Kh2 c6 40. Rg1 Kh7 1/2-1/2

[Event "Mumbai Wealth op U13"]
[Site "Mumbai"]
[Date "2016.01.30"]
[Round "3"]
[White "Ghelani, Dhairya"]
[Black "Piya, Saxena"]
[Result "1-0"]
[WhiteElo "1615"]
[BlackElo "1190"]
[PlyCount "90"]
[EventDate "2016.01.28"]
[EventType "swiss"]
[EventRounds "9"]
[EventCountry "IND"]
[SourceTitle "CBM 170 Extra"]
[Source "ChessBase"]
[SourceDate "2016.02.25"]
[SourceVersion "1"]
[SourceVersionDate "2016.02.25"]
[SourceQuality "1"]

1. d4 Nf6 2. c4 e6 3. Nc3 Bb4 4. Qc2 d5 5. cxd5 Nxd5 6. e4 Nf6 7. a3 Ba5 8. Nf3 Nc6 9. Be3 Bd7 10. h3 0-0 11. Be2 Re8 12. 0-0 Ne7 13. Ne5 Bxc3 14. bxc3 Bc8 15. f4 b6 16. Bb5 Rf8 17. Nc6 Nxc6 18. Bxc6 Rb8 19. c4 Bb7 20. Bxb7 Rxb7 21. e5 Nd7 22. g4 c5 23. d5 exd5 24. cxd5 Re8 25. Rad1 f6 26. e6 Qe7 27. Bf2 Nf8 28. f5 Qd6 29. Qc3 h6 30. Bg3 Qd8 31. d6 Qa8 32. d7 Rd8 33. e7 Rdxd7 34. exf8Q+ Qxf8 35. Qb3+ Kh8 36. Qb5 Qe7 37. Rxd7 Rxd7 38. Re1 Qd8 39. Qa4 Kh7 40. Qe4 Rd3 41. Re3 Rd1+ 42. Kg2 Qd2+ 43. Bf2 Ra1 44. Qe8 Qd5+ 45. Kg3 Qd6+ 1-0